000 00458nmm a2200157Ia 4500
008 251105s9999||||xx |||||||||||||||||und||
020 _a9788496831100
041 _aspa
100 _aRomano, Vicente
245 0 _aLa formación de la mentalidad sumisa
264 _a[Madrid, España] :
_bEl Viejo Topo,
_c2007
300 _a160 páginas
650 _aPolitical Science (General)
856 _uhttps://public.digitaliapublishing.com/a/57733
942 _cCF
999 _c90125
_d90125